|
|
|
|
| LEADER |
00986nam a22002417a 4500 |
| 001 |
38603 |
| 003 |
BD-DhAAL |
| 008 |
220726t2013 ii ||||| |||| 00| 0 ben d |
| 999 |
|
|
|c 44643
|d 44643
|
| 020 |
|
|
|a 9788173326776
|
| 040 |
|
|
|a BD-DhAAL
|c BD-DhAAL
|
| 041 |
|
|
|a ben
|
| 082 |
|
|
|a 891.4414
|2 23
|
| 100 |
|
|
|a পাত্র, পরিমল
|9 50238
|
| 245 |
|
|
|a আমার শৈশবে রবীন্দ্রনাথ /
|c পরিমল পাত্র
|
| 246 |
|
|
|a Amar saisabe Rabindranath :
|b a memory of childhood
|
| 300 |
|
|
|a ৭১ পৃষ্ঠা ;
|c ২২ সে.মি.
|
| 541 |
|
|
|a Donated By Akbar Ali Khan
|e 38603
|
| 600 |
|
|
|a Tagore, Rabindranath,
|d 1861-1941.
|9 50236
|
| 650 |
|
|
|a Bengali literature.
|9 50237
|
| 852 |
|
|
|a Ayesha Abed Library
|c Akbar Ali Khan Collection
|
| 942 |
|
|
|2 ddc
|c BK
|
| 952 |
|
|
|0 0
|1 0
|2 ddc
|4 0
|6 891_441400000000000_PAT
|7 1
|9 71333
|a BRACUL
|b BRACUL
|c AAKC
|d 2022-07-26
|e Donated by Akbar Ali Khan
|l 0
|o 891.4414 PAT
|p 3010038603
|r 2022-07-26
|t 1
|w 2022-07-26
|y BK
|